| 000 | 01645nam a2200373 c 4500 | ||
|---|---|---|---|
| 003 | BLK | ||
| 005 | 20250205162404.0 | ||
| 008 | 180413b bul|||||r ||||||| ||bul|| | ||
| 010 | _aKNG00024814000 | ||
| 020 |
_a954-448-005-6 _bиздат.: Перо |
||
| 040 | _aBLK | ||
| 041 |
_aBUL _cBUL _hFRE |
||
| 080 |
_aБългарски език _b811.163.2 _x(038.2) _z811.163.2(038.2) |
||
| 080 |
_aФренски език _b811.133.1 _x(038.2) _z811.133.1(038.2) |
||
| 100 |
_aБояджиева, Валентина Борисова _d1955 - _gТюрколог, арабист. Преводачка от френски и английски език. _9247529 |
||
| 700 | 1 |
_aКекс, Бернар-Мишел-Пол _eсъавт. _978030 |
|
| 139 |
_aБояджиева, Валентина и др. _bБ 73 |
||
| 245 | 1 | 0 |
_aБългарско-френски разговорник _cВалентина Борисова Бояджиева; съавт. Бернар-Мишел-Пол Кекс. |
| 250 | _a[2. изд.] | ||
| 257 | _aBGR | ||
| 260 |
_аСофия _bПеро _c1998 _fРусе : Дунав прес |
||
| 300 |
_a251 с. _bс ил. _c17 см |
||
| 380 | _a80 | ||
| 490 | 1 | _aРазговорници | |
| 500 | _a1. изд. 1991. - 3 000 тир. | ||
| 650 | 4 |
_aФренски език - разговорници, българско-френски _9255549 |
|
| 653 | _aбългаро-френски разговорници | ||
| 852 | _aЦб І 29621 | ||
| 856 | 4 |
_qpdf _u |
|
| 856 | 4 |
_qpdf _u |
|
| 942 |
_cKNG _n0 _02 |
||
| 944 |
_aCR _c15.01.2003 _k30560 _lГеновева Генчева |
||
| 944 |
_aED _c19.01.2004 _k |
||
| 999 |
_c22444 _d22444 |
||